000 00294pam a2200121 a 4500
020 _c
041 _h
082 _a708
_bSIN
245 _aArpita Singh Picture Post Card 2003-2006
_hTextual Documents
260 _a[s.l]:
_bVadhera Art Gallery,
_c2006.
300 _a100:
_bpaper.
930 _a7087
999 _c240877
_d240877